1644 1430 1353 1664 1925 1513 1388 1538 1364 1028 1514 1316 1005 1974 1752 1848 1343 1754 1011 1811 1977 1486 1660 1986 1779 1858 1753 1748 1821 1580 1875 1968 1706 1915 1139 1653 1048 1480 1163 1733 1480 1234 1765 1991 1704 1157 1998 1796 1847 1421 1436 1101 1213 1193 1048 1318 1516 1761 1535 1866 1321 1817 1147 1023 1324 1980 1519 1245 1663 1108 1364 1240 1980 1161 1752 1754 1049 1392 1183 1191 1860 1268 1251 1110 1952 1627 1646 1196 1868 1139 1384 1693 1464 1632 1501 1155 1993 1740 1937 BCNSPRNW ULIB Ver.6.0+V

เปลี่ยนเป็นภาษาไทย

Change to English
 แสดงรายละเอียดบรรณานุกรม
  กลับหน้าหลัก

Brief Record : Get Marc (ISO 2709) : E-mail record : QR code < ปิดหน้าต่าง
LEADER : 00000nam 2200000uu 4500
001    13399115004
003     ULIB
008    120628s2552||||th 000 0 tha d
020    ^a9789749941331
060 04 ^aQT^bว724C 2548
245 00 ^aChula is atlas of basic human anatomy /^cวิไล ชินธเนศ ...
250    ^aพิมพ์ครั้งที่ 6
260    ^aกรุงเทพฯ :^bภาควิชากายวิภาคศาสตร์ คณะแพทยศาสตร์,^c2552
300    ^a204 หน้า :^bภาพประกอบ ;^c30 ซม.
591    ^aLISC มีฉบับพิมพ์ครั้งที่ 7 (2552)
650  4 ^aกายวิภาคศาสตร์
700 0  ^aวิไล ชินธเนศ
710 2  ^aจุฬาลงกรณ์มหาวิทยาลัย. ^bคณะแพทยศาสตร์.
945    ^p180^l0^i16506
995    ^aกัณชพร
999 ^a ใช้งานได้ทุกระบบ
รายการนี้ยังไม่มีแท็ก
คุณยังไม่ได้ล็อกอิน คุณสามารถมีกิจกรรมร่วมกับเว็บไซต์ได้ แต่ต้องล็อกอินก่อน ::
  ล็อกอิน

รายการสื่อสารสนเทศ

ลำดับที่ ประเภท เลขเรียก/บาร์โค้ด สถานที่ สถานะ
- ไม่พบข้อมูล -

รายการใกล้เคียง
    หัวเรื่อง [กายวิภาคศาสตร์]

BibComment


ยังไม่เคยถูกคอมเมนท์

คอมเมนท์ทรัพยากรรายการนี้
  คอมเมนท์: Chula is atlas o..


 Copyright 2026. Bcnsprnw @Library